Представление документа в формате RUSMARC

ПолеНазваниеЗначение
  Тип записи a
  Библиографический уровень m
001 Контрольный номер a3dfe8719f1947a18899d0e432b281ed
005 Дата корректировки 20140702085727.2
010 Индекс ISBN __
a ISBN 5-9268-0033-8
200 Заглавие и сведения об ответственности 1_
a Заглавие Государственный долг
e Сведения, относящиеся к заглавию учеб. пособие
f Первые сведения об ответственности Алехин, Борис Иванович
210 Выходные данные 1_
a Место издания М.
c Издательство ЮНИТИ
d Дата издания 2004
215 Физическое описание __
a Объем 334 с.
300 Общие примечания __
a Общие примечания 3экз.
300 Общие примечания __
a Общие примечания гриф УМО
610 Ключевые слова 0_
a Ключевые слова государственный долг
610 Ключевые слова 0_
a Ключевые слова кризис финансовой системы
610 Ключевые слова 0_
a Ключевые слова валютный кризис
610 Ключевые слова 0_
a Ключевые слова инфляция
610 Ключевые слова 0_
a Ключевые слова банковская система
610 Ключевые слова 0_
a Ключевые слова дефолт по банковским долгам
610 Ключевые слова 0_
a Ключевые слова управление госдолгом
610 Ключевые слова 0_
a Ключевые слова реформы социального обеспечения
610 Ключевые слова 0_
a Ключевые слова накопление
610 Ключевые слова 0_
a Ключевые слова реструктуризация внешнего долга
610 Ключевые слова 0_
a Ключевые слова риск
610 Ключевые слова 0_
a Ключевые слова монография
686 Индексы других классификаций __
a Классификационный индекс 65.9(2)261.6
2 Код системы rubbk
700 Автор _1
a Фамилия Алехин, Борис Иванович
801 Источник записи _0
a Страна RU
b Организация РУК
c Дата составления 20050330
g Правила каталогизации PSBO
801 Источник записи _1
a Страна RU
b Организация РУК
c Дата составления 20050330
g Правила каталогизации PSBO
852 Данные о местонахождении __
i Авторский знак А 49
j Шифр хранения ББК 65.9(2)26
901 Тип документа __
t Тип документа m
938 Служебная информация __
a Название организации Головной вуз
b Имя БД BOOK
c Название АИБС АИБС ИРБИС